| 000 | 01695nam0a2200373 4500 | ||
|---|---|---|---|
| 001 | RU\NLR\bibl\1090709 | ||
| 005 | 20250615052531.0 | ||
| 010 |
_a978-5-373-00315-5 _bВ пер. _94000 |
||
| 021 |
_aRU _b2007-25478 _91350 |
||
| 035 | _a(nilc)RSL-KNO-003111910 | ||
| 035 | _a(NLR Aleph) 001077846 | ||
| 090 |
_a1039553 _c1039553 |
||
| 100 | _a20070418d2007 |||y0rusy50 ca | ||
| 101 | 0 | _arus | |
| 102 | _aRU | ||
| 105 | _aa zzzz||||| | ||
| 200 | 1 |
_aКосметика и косметология. От А до Я _eваш домашний салон красоты _e[справочник] _fЮ. Ю. Дрибноход |
|
| 210 |
_aМосква _cОЛМА Медиа Групп _d2007 |
||
| 215 |
_a731, [1] с. _cил. _d22 |
||
| 225 | 1 | _aСемейный медицинский справочник | |
| 320 | _aБиблиогр.: с. 730-732 | ||
| 606 | 1 |
_aКосметика _jСправочники _91139345 _3RU\NLR\auth\66134768 |
|
| 606 | 1 |
_aКосметология _jСправочники _91468568 _3RU\NLR\auth\66623744 |
|
| 610 | 0 | _aЗдравоохранение. Медицинские науки -- Общая гигиена -- Личная гигиена и гигиена быта -- Косметология -- Популярные издания | |
| 610 | 0 | _aПарикмахерское дело -- Справочник | |
| 686 |
_aР120.41я9 _2rubbk |
||
| 686 |
_aН937я22 _2rubbk |
||
| 686 | _aР120.416я2 | ||
| 700 | 1 |
_4070 _7ca _8rus _aДрибноход _bЮ. Ю. _gЮлия Юрьевна _9154232 _3RU\NLR\AUTH\770154270 |
|
| 801 | 0 |
_aRU _bРКП _c20070418 _grcr |
|
| 801 | 1 |
_aRU _bРГБ _c20070418 |
|
| 801 | 2 |
_aRU _bNLR _c20070524 _grcr |
|
| 942 | _cBOOK | ||
| 980 | _aNB | ||